书目信息 |
| 题名: |
实用医学影像检查与临床诊断
|
|
| 作者: | 姜凤举 著 | |
| 分册: | ||
| 出版信息: | 长春 吉林科学技术出版社 2019.05 |
|
| 页数: | 217页 | |
| 开本: | 24cm | |
| 丛书名: | ||
| 单 册: | ||
| 中图分类: | R445 | |
| 科图分类: | ||
| 主题词: | 影象诊断--ying xiang zhen duan | |
| 电子资源: | ||
| ISBN: | 978-7-5578-3882-9 | |
| 000 | 00862nam0 2200241 450 | |
| 001 | CAL 0120141439631 | |
| 005 | 20230217093111.0 | |
| 010 | @a978-7-5578-3882-9@dCNY88.00 | |
| 100 | @a20190604d2019 em y0chiy0120 ea | |
| 101 | 0 | @achi |
| 102 | @aCN@b220000 | |
| 105 | @aak a 000yy | |
| 106 | @ar | |
| 200 | 1 | @a实用医学影像检查与临床诊断@Ashi yong yi xue ying xiang jian cha yu lin chuang zhen duan@f姜凤举著 |
| 210 | @a长春@c吉林科学技术出版社@d2019.05 | |
| 215 | @a217页@c图@d24cm | |
| 320 | @a有书目 (第217页) | |
| 330 | @a本书内容涉及临床医学影像的基础理论、各项诊断方法, 以及临床应用。分六章, 内容包括: 总论 ; 呼吸系统 ; 循环系统 ; 消化系统 ; 泌尿与生殖系统 ; 神经系统。 | |
| 606 | 0 | @a影象诊断@Aying xiang zhen duan |
| 690 | @aR445@v5 | |
| 701 | 0 | @a姜凤举@Ajiang feng ju@4著 |
| 801 | 0 | @aCN@bBJXHZP@c20230228 |
| 905 | @b1395876-9@dR445@e156@f4 | |
| 实用医学影像检查与临床诊断/姜凤举著.-长春:吉林科学技术出版社,2019.05 |
| 217页:图;24cm |
| ISBN 978-7-5578-3882-9:CNY88.00 |
| 本书内容涉及临床医学影像的基础理论、各项诊断方法, 以及临床应用。分六章, 内容包括: 总论 ; 呼吸系统 ; 循环系统 ; 消化系统 ; 泌尿与生殖系统 ; 神经系统。 |
| ● |
| 相关链接 |
|
|
|
|
正题名:实用医学影像检查与临床诊断
索取号:R445/156
 
预约/预借
| 序号 | 登录号 | 条形码 | 馆藏地/架位号 | 状态 | 备注 |
| 1 | 1395876 | 213958760 | 第二样本阅览室/ [索取号:R445/156] | 在馆 | |
| 2 | 1395877 | 213958779 | 第三借阅区/ [索取号:R445/156] | 在馆 | |
| 3 | 1395878 | 213958788 | 第三借阅区/ [索取号:R445/156] | 在馆 | |
| 4 | 1395879 | 213958797 | 第三借阅区/ [索取号:R445/156] | 在馆 |